[Event "Caribbean-ch U16"]
[Site "San Salvador"]
[Date "2021.11.27"]
[Round "9"]
[White "Barahona, Dalila Yamileth"]
[Black "Perez, Damaris Nicole"]
[Result "0-1"]
[WhiteElo "1659"]
[BlackElo "1662"]
[PlyCount "70"]
[EventDate "2021.11.27"]
[EventType "swiss"]
[EventRounds "9"]
[EventCountry "ESA"]
[SourceTitle "EXT 2023"]
[Source "ChessBase"]
[SourceDate "2022.10.05"]
[SourceVersion "1"]
[SourceVersionDate "2022.10.05"]
[SourceQuality "1"]
[WhiteTeam "El Salvador"]
[BlackTeam "El Salvador"]
[WhiteTeamCountry "ESA"]
[BlackTeamCountry "ESA"]

1. c4 e5 2. g3 Nf6 3. Bg2 c6 4. d4 d6 5. Nc3 Be7 6. e3 0-0 7. Nge2 Bf5 8. 0-0 Nbd7 9. e4 Bg6 10. f4 Bh5 11. h3 Bxe2 12. Nxe2 exd4 13. Nxd4 Nc5 14. Re1 Re8 15. e5 dxe5 16. fxe5 Nfd7 17. Qg4 Bf6 18. e6 Bxd4+ 19. Qxd4 Nxe6 20. Qc3 Ndc5 21. Be3 Qd3 22. Qb4 a5 23. Qd2 Qxd2 24. Bxd2 Nd3 25. Re4 Nec5 26. Rxe8+ Rxe8 27. Bf1 a4 28. b4 axb3 29. axb3 Ne5 30. Bf4 Nf3+ 31. Kf2 Nxb3 32. Ra3 Nfd4 33. Be5 c5 34. Ra7 Nc6 35. Bd6 Nxa7 0-1

[Event "Caribbean-ch U16"]
[Site "San Salvador"]
[Date "2021.11.27"]
[Round "3"]
[White "Melendez, Manuel A"]
[Black "Perez, Damaris Nicole"]
[Result "1/2-1/2"]
[WhiteElo "1814"]
[BlackElo "1662"]
[PlyCount "82"]
[EventDate "2021.11.27"]
[EventType "swiss"]
[EventRounds "9"]
[EventCountry "ESA"]
[SourceTitle "EXT 2023"]
[Source "ChessBase"]
[SourceDate "2022.10.05"]
[SourceVersion "1"]
[SourceVersionDate "2022.10.05"]
[SourceQuality "1"]
[WhiteTeam "El Salvador"]
[BlackTeam "El Salvador"]
[WhiteTeamCountry "ESA"]
[BlackTeamCountry "ESA"]

1. e4 e5 2. Nf3 Nc6 3. Bc4 Bc5 4. c3 d6 5. a4 a5 6. 0-0 Nf6 7. d4 exd4 8. cxd4 Bb6 9. Qb3 0-0 10. e5 dxe5 11. dxe5 Ne4 12. Bd5 Nc5 13. Qd1 Be6 14. Nc3 Nb4 15. Bxe6 Nxe6 16. Qe2 Qd3 17. Qe4 Qxe4 18. Nxe4 Rad8 19. Bd2 Nc2 20. Rac1 Ncd4 21. Nxd4 Nxd4 22. Rfe1 Rfe8 23. Bf4 Ne6 24. Be3 Bd4 25. Bxd4 Rxd4 26. b3 Rd7 27. g3 b6 28. Rc3 Nd4 29. f4 h5 30. Kg2 Red8 31. Kh3 Nf5 32. Ng5 c5 33. e6 fxe6 34. Nxe6 Rc8 35. Re5 g6 36. g4 hxg4+ 37. Kxg4 Nh6+ 38. Kf3 Rc6 39. h4 Nf7 40. Re2 Re7 41. Rce3 Nh6 1/2-1/2

[Event "Caribbean-ch U16"]
[Site "San Salvador"]
[Date "2021.11.27"]
[Round "1"]
[White "Rojas Mora, Maria Salvadora"]
[Black "Perez, Damaris Nicole"]
[Result "0-1"]
[WhiteElo "1176"]
[BlackElo "1662"]
[PlyCount "64"]
[EventDate "2021.11.27"]
[EventType "swiss"]
[EventRounds "9"]
[EventCountry "ESA"]
[SourceTitle "EXT 2023"]
[Source "ChessBase"]
[SourceDate "2022.10.05"]
[SourceVersion "1"]
[SourceVersionDate "2022.10.05"]
[SourceQuality "1"]
[WhiteTeam "Costa Rica"]
[BlackTeam "El Salvador"]
[WhiteTeamCountry "CRI"]
[BlackTeamCountry "ESA"]

1. e4 c5 2. Nf3 Nc6 3. d4 cxd4 4. Nxd4 g6 5. Be3 Bg7 6. c4 d6 7. Nc3 Bd7 8. Be2 Nf6 9. 0-0 0-0 10. Rc1 Nxd4 11. Bxd4 Bc6 12. f3 Nd7 13. Bxg7 Kxg7 14. Qd4+ f6 15. Rfd1 a5 16. Nd5 Rc8 17. a3 a4 18. f4 Nc5 19. Rc3 e6 20. Nb4 Bxe4 21. Qxd6 Qxd6 22. Rxd6 Rfd8 23. Rd1 Rxd1+ 24. Bxd1 Rd8 25. Rc1 Rd2 26. Bc2 Rxg2+ 27. Kf1 Rxh2 28. Bxe4 Nxe4 29. Re1 Nd2+ 30. Kg1 Nf3+ 31. Kf1 Nxe1 32. Kxe1 Rxb2 0-1

[Event "Caribbean-ch U16"]
[Site "San Salvador"]
[Date "2021.11.27"]
[Round "7"]
[White "Villalta, Camilo1111"]
[Black "Perez, Damaris Nicole"]
[Result "1-0"]
[WhiteElo "1631"]
[BlackElo "1662"]
[PlyCount "81"]
[EventDate "2021.11.27"]
[EventType "swiss"]
[EventRounds "9"]
[EventCountry "ESA"]
[SourceTitle "EXT 2023"]
[Source "ChessBase"]
[SourceDate "2022.10.05"]
[SourceVersion "1"]
[SourceVersionDate "2022.10.05"]
[SourceQuality "1"]
[WhiteTeam "El Salvador"]
[BlackTeam "El Salvador"]
[WhiteTeamCountry "ESA"]
[BlackTeamCountry "ESA"]

1. e4 c5 2. Nf3 Nc6 3. d4 cxd4 4. Nxd4 g6 5. c4 d6 6. Be3 Nf6 7. Nc3 Bg7 8. Be2 Bd7 9. 0-0 0-0 10. Nc2 a5 11. Rc1 Nb4 12. Nd4 Bc6 13. f3 Nd7 14. Qd2 Nc5 15. Bh6 Bd7 16. Bxg7 Kxg7 17. f4 Ne6 18. f5 Nxd4 19. Qxd4+ f6 20. Qe3 Nc6 21. Rcd1 Ne5 22. c5 dxc5 23. Qxc5 Rc8 24. Qd4 Bc6 25. Qe3 Qc7 26. Rc1 Rfd8 27. Nb5 Qd7 28. Rfd1 Qe8 29. Nd4 Bd7 30. Bb5 Rxc1 31. Qxc1 Nc6 32. Bxc6 bxc6 33. Qd2 Ra8 34. Nb3 Bc8 35. g4 a4 36. Nc5 g5 37. Qb4 h6 38. Qb6 Kh7 39. Rd8 Qf7 40. Qxc6 Ra5 41. Qxc8 1-0

[Event "Pan American-ch U16 Girls"]
[Site "Guayaquil"]
[Date "2019.07.24"]
[Round "5"]
[White "Perez, Damaris Nicole"]
[Black "Frattini, Beatriz Maria"]
[Result "1/2-1/2"]
[WhiteElo "1686"]
[BlackElo "1858"]
[PlyCount "94"]
[EventDate "2019.07.21"]
[EventType "swiss"]
[EventRounds "9"]
[EventCountry "ECU"]
[SourceTitle "EXT 2020"]
[Source "ChessBase"]
[SourceDate "2019.10.17"]
[SourceVersion "1"]
[SourceVersionDate "2019.10.17"]
[SourceQuality "1"]

1. c4 c5 2. Nf3 Nf6 3. d4 cxd4 4. Nxd4 Nc6 5. Nc3 a6 6. e4 Qc7 7. Be2 e6 8. Nc2 Ne5 9. Bf4 Bd6 10. 0-0 b6 11. Nd4 Bb4 12. Qb3 Bxc3 13. Qxc3 d6 14. Qg3 0-0 15. Bxe5 dxe5 16. Nf3 Nxe4 17. Qxe5 Qxe5 18. Nxe5 Rd8 19. Bf3 Bb7 20. Rfe1 Nc5 21. b4 Bxf3 22. bxc5 Bb7 23. cxb6 Rac8 24. Rec1 f6 25. Nf3 Rc6 26. Rab1 Rdd6 27. Kf1 Rxb6 28. c5 Rxb1 29. Rxb1 Rd7 30. Rb6 Rc7 31. Nd4 Bd5 32. Nxe6 Bc4+ 33. Kg1 Bxe6 34. Rxe6 Rxc5 35. g3 Ra5 36. Re2 Kf7 37. Kf1 Ra3 38. Ke1 Kg6 39. f4 Kf5 40. Kf2 h5 41. Kg2 h4 42. Kh3 hxg3 43. hxg3 g5 44. fxg5 Kxg5 45. Rc2 a5 46. Kg2 f5 47. Rf2 a4 1/2-1/2